000 00463nam a22001697a 4500
999 _c3027
_d3027
003 URS
005 20220114142345.0
008 190710s1998 a|||| |||| 00| 0 eng d
020 _a0697392996
040 _cURS
_beng
_drda
050 1 0 _aQE 26
_b.G3457 1998
100 _aSherman,Douglas B.
245 1 0 _aGeology98/99
_cDouglas B. Sherman
260 _a Connecticut:
_bDuchkin/McGraw-Hill
_c[1998]
300 _a246 pages
_bwith Illustrations
_c29 cm
942 _2lcc
_cFR